<?xml version="1.0" encoding="UTF-8"?>
<record
    xmlns:xsi="http://www.w3.org/2001/XMLSchema-instance"
    xsi:schemaLocation="http://www.loc.gov/MARC21/slim http://www.loc.gov/standards/marcxml/schema/MARC21slim.xsd"
    xmlns="http://www.loc.gov/MARC21/slim">

  <leader>01639nam a22002177a 4500</leader>
  <controlfield tag="005">20250212105946.0</controlfield>
  <controlfield tag="008">250212b           ||||| |||| 00| 0 eng d</controlfield>
  <datafield tag="020" ind1=" " ind2=" ">
    <subfield code="a">9780367240240</subfield>
  </datafield>
  <datafield tag="040" ind1=" " ind2=" ">
    <subfield code="c">AL</subfield>
  </datafield>
  <datafield tag="041" ind1=" " ind2=" ">
    <subfield code="a">eng</subfield>
  </datafield>
  <datafield tag="082" ind1=" " ind2=" ">
    <subfield code="2">23</subfield>
    <subfield code="a">618.92890076</subfield>
    <subfield code="b">SHEC</subfield>
  </datafield>
  <datafield tag="100" ind1=" " ind2=" ">
    <subfield code="a">Hong Shen</subfield>
    <subfield code="9">199317</subfield>
  </datafield>
  <datafield tag="245" ind1=" " ind2=" ">
    <subfield code="a">Child and adolescent psychiatry for the specialty board review</subfield>
  </datafield>
  <datafield tag="260" ind1=" " ind2=" ">
    <subfield code="a">New York </subfield>
    <subfield code="b">Routledge </subfield>
    <subfield code="c">2019</subfield>
  </datafield>
  <datafield tag="300" ind1=" " ind2=" ">
    <subfield code="a">x,191p</subfield>
    <subfield code="b">PB</subfield>
    <subfield code="c">27.5x21cm.</subfield>
  </datafield>
  <datafield tag="365" ind1=" " ind2=" ">
    <subfield code="2">General</subfield>
    <subfield code="a">6385</subfield>
    <subfield code="b">&#x20B9;1276.00</subfield>
    <subfield code="c">&#x20B9;</subfield>
    <subfield code="d">&#x20B9;1595.00</subfield>
    <subfield code="e">20%</subfield>
    <subfield code="f">10/02/2025</subfield>
  </datafield>
  <datafield tag="520" ind1=" " ind2=" ">
    <subfield code="a">This new, thoroughly revised edition of Child and Adolescent Psychiatry for the Specialty Board Review offers updated information, along with the most recent references and knowledge reflected in those changes. The authors especially incorporate new information and changes from DSM-5. Both general and child/adolescent psychiatrists will find this new edition invaluable, not only as a guide for preparing for their first successful Board examination, but also as a review in preparing for important re-certification exams. The book includes hundreds of multiple-choice questions, modeled after the types of questions on the actual boards. This challenging update, with new references and more relevant questions, will help readers to learn new information and be better prepared for their board examinations. Because the authors rewrote the majority of questions to cover a broader knowledge base, readers may find it useful to use the 4th edition as a companion book of the 3rd edition.</subfield>
  </datafield>
  <datafield tag="650" ind1=" " ind2=" ">
    <subfield code="2">Mental Disorders</subfield>
    <subfield code="a">Child</subfield>
    <subfield code="9">199318</subfield>
  </datafield>
  <datafield tag="700" ind1=" " ind2=" ">
    <subfield code="a">Hendren, Robert L</subfield>
    <subfield code="9">199319</subfield>
  </datafield>
  <datafield tag="942" ind1=" " ind2=" ">
    <subfield code="2">ddc</subfield>
    <subfield code="c">BK</subfield>
  </datafield>
  <datafield tag="999" ind1=" " ind2=" ">
    <subfield code="c">233758</subfield>
    <subfield code="d">233758</subfield>
  </datafield>
  <datafield tag="952" ind1=" " ind2=" ">
    <subfield code="0">0</subfield>
    <subfield code="1">0</subfield>
    <subfield code="2">ddc</subfield>
    <subfield code="4">0</subfield>
    <subfield code="7">0</subfield>
    <subfield code="8">CPSY</subfield>
    <subfield code="a">SACPG</subfield>
    <subfield code="b">SACPG</subfield>
    <subfield code="d">2025-02-10</subfield>
    <subfield code="e">Biblios Book Point</subfield>
    <subfield code="g">1276.00</subfield>
    <subfield code="l">1</subfield>
    <subfield code="o">618.92890076 SHEC</subfield>
    <subfield code="p">PG024880</subfield>
    <subfield code="r">2025-06-16 08:44:54</subfield>
    <subfield code="s">2025-04-24</subfield>
    <subfield code="v">1595.00</subfield>
    <subfield code="w">2025-02-12</subfield>
    <subfield code="y">BK</subfield>
  </datafield>
</record>
